Zákazníci si radu pri nákupe žiadajú
Každý sa už určite pri nakupovaní stretol s fenoménom, že čím väčší je výber, tým väčší je aj problém si vybrať. Množstvo značiek, príchutí, druhov a veľkostí výrobkov spotrebiteľa na každom kroku zahlcuje, a tak zákazník často skončí pri tom, že zapne autopilota a do košíka si vloží to, čo vždy. To...
Saved in:
| Main Author: | |
|---|---|
| Format: | Book Chapter |
| Language: | Slovak |
| Subjects: | |
| Tags: |
No Tags, Be the first to tag this record!
|
MARC
| LEADER | 00000naa a2200000 4500 | ||
|---|---|---|---|
| 001 | 0302935 | ||
| 005 | 20240703123913.0 | ||
| 041 | 0 | |a slo | |
| 044 | |a CZ | ||
| 245 | 1 | 0 | |a Zákazníci si radu pri nákupe žiadajú |c Peter Kapitán |
| 520 | |a Každý sa už určite pri nakupovaní stretol s fenoménom, že čím väčší je výber, tým väčší je aj problém si vybrať. Množstvo značiek, príchutí, druhov a veľkostí výrobkov spotrebiteľa na každom kroku zahlcuje, a tak zákazník často skončí pri tom, že zapne autopilota a do košíka si vloží to, čo vždy. Tomu sa však obchodník chce za každú cenu vyhnúť a jedným zo skvelých spôsobov, ako to dosiahnuť, je spotrebiteľa pri nakupovaní vyrušiť. Napríklad aj krikľavými POS a POP materiálmi. | ||
| 610 | 2 | 0 | |a komunikácia marketingová |
| 610 | 2 | 0 | |a kampane reklamné |
| 610 | 2 | 0 | |a predaj |
| 610 | 2 | 0 | |a podpora predaja |
| 610 | 2 | 0 | |a stratégia marketingová |
| 100 | 1 | |a Kapitán, Peter | |